| 000 | 00466pab a2200169 454500 | ||
|---|---|---|---|
| 008 | 180718b1997 xxu||||| |||| 00| 0 eng d | ||
| 100 | _aMisra, B.M. | ||
| 245 | _aFifty years of the Indian capital market: 1949-97 | ||
| 260 | _c1997 | ||
| 300 | _ap.351-83 | ||
| 362 | _aJun & Sep | ||
| 650 | _aCapital market - India | ||
| 650 | _aFinancial markets - India | ||
| 650 | _aFinancial markets | ||
| 773 | _aReserve Bank of India Occasional Papers | ||
| 909 | _a35649 | ||
| 999 |
_c35649 _d35649 |
||